[Event "Oberfranken-ch U16"]
[Site "Schney"]
[Date "2017.01.03"]
[Round "1.4"]
[White "Aschoff, Alexander"]
[Black "Knauer, Finn"]
[Result "0-1"]
[WhiteElo "933"]
[BlackElo "1493"]
[PlyCount "52"]
[EventDate "2017.01.03"]
[EventType "swiss"]
[EventRounds "7"]
[EventCountry "GER"]
[SourceTitle "EXT 2024"]
[Source "ChessBase"]
[SourceDate "2023.10.10"]
[SourceVersion "1"]
[SourceVersionDate "2023.10.10"]
[SourceQuality "1"]

1. e4 e5 2. Nf3 Nc6 3. Bb5 d6 4. Bxc6+ bxc6 5. d3 Nf6 6. Bg5 Be7 7. Nbd2 h6 8. Bh4 0-0 9. 0-0 Re8 10. c3 Ba6 11. Qa4 Bxd3 12. Rfe1 Bb5 13. Qa3 c5 14. c4 Bc6 15. b4 a6 16. Qb3 Qb8 17. Re3 Qxb4 18. Ne1 Ng4 19. Nd3 Qb7 20. Rh3 Bxe4 21. Qc3 g5 22. Nxe4 Qxe4 23. f3 Qd4+ 24. Qxd4 cxd4 25. fxg4 gxh4 26. Rf3 e4 0-1

[Event "Forchheim op-B 15th"]
[Site "Forchheim"]
[Date "2016.10.03"]
[Round "5"]
[White "Gampper, Steffen"]
[Black "Knauer, Finn"]
[Result "1/2-1/2"]
[WhiteElo "1700"]
[BlackElo "1498"]
[PlyCount "56"]
[EventDate "2016.10.01"]
[EventType "swiss"]
[EventRounds "5"]
[EventCountry "GER"]
[SourceTitle "EXT 2019"]
[Source "ChessBase"]
[SourceDate "2018.10.10"]
[SourceVersion "1"]
[SourceVersionDate "2018.10.10"]
[SourceQuality "1"]

1. d4 d5 2. Bf4 Nf6 3. e3 e6 4. Nd2 Be7 5. Bd3 0-0 6. Ngf3 Nbd7 7. Ne5 c5 8. c3 c4 9. Bc2 g6 10. g4 Ne8 11. h4 Ng7 12. Qf3 f5 13. Nxd7 Bxd7 14. g5 Nh5 15. Be5 Be8 16. Qg2 b5 17. Bd1 Rc8 18. Bxh5 gxh5 19. a3 Qd7 20. Nf1 Bg6 21. f4 a5 22. Ng3 Rfd8 23. Qe2 Qe8 24. 0-0 a4 25. Kh2 Rd7 26. Rg1 Rcc7 27. Qd2 Bf8 28. Rg2 Bg7 1/2-1/2

[Event "Oberfranken-ch U14"]
[Site "Schney"]
[Date "2016.01.05"]
[Round "6"]
[White "Knauer, Finn"]
[Black "Leiss, Nicolas"]
[Result "1/2-1/2"]
[WhiteElo "1515"]
[BlackElo "1136"]
[PlyCount "91"]
[EventDate "2016.01.03"]
[EventType "swiss"]
[EventRounds "7"]
[EventCountry "GER"]
[SourceTitle "EXT 2019"]
[Source "ChessBase"]
[SourceDate "2018.10.10"]
[SourceVersion "1"]
[SourceVersionDate "2018.10.10"]
[SourceQuality "1"]

1. d4 d5 2. Nf3 Nf6 3. b3 e6 4. Bb2 Bd6 5. Nbd2 Nbd7 6. e3 0-0 7. Bd3 c6 8. 0-0 b6 9. c4 Bb7 10. Rc1 Rc8 11. Qe2 c5 12. Rfe1 Qe7 13. Rc2 Rc7 14. e4 dxe4 15. Bxe4 Nxe4 16. Nxe4 Bxe4 17. Qxe4 Nf6 18. Qh4 Ne8 19. Qxe7 Rxe7 20. Rce2 Nc7 21. Ba3 Rfe8 22. dxc5 bxc5 23. Ne5 Na6 24. Rd1 Bxe5 25. Rxe5 Rc7 26. Rd6 Nb4 27. Bxb4 cxb4 28. Rb5 Kf8 29. Rxb4 Ke7 30. Rd1 Rd8 31. Rxd8 Kxd8 32. Kf1 Kd7 33. Ke2 Kc6 34. Ke3 Rd7 35. a4 Kc7 36. a5 Rd1 37. Ke2 Ra1 38. Ra4 Rxa4 39. bxa4 Kc6 40. Kd3 Kc5 41. Kc3 a6 42. h3 f6 43. f3 h6 44. g4 g6 45. f4 g5 46. fxg5 1/2-1/2